000
00287nam a22001337a 4500
008
180301b xxu||||| |||| 00| 0 eng d
020
_a
9780972323666
041
_a
eng
080
_a
615
100
_a
5
101
_a
SHF
245
_a
The Dean's Compass
_c
Chase, P.A
942
_2
udc
_c
BK
999
_c
43779
_d
43779